000 00355nam a22001697a 4500
003 SGT
020 _a9788131219256
082 _a617.645
_bF09F
100 _aFeld, Leonard G.
245 _aFast facts in Pediatrics
250 _a1st
260 _bElsevier
_c2009
300 _a757
650 _aPediatrics
653 _aPediatrics
942 _2ddc
_cBK
999 _c23043
_d23043